Paroles Interlude - SCH - Statistiques

Statistiques générales
  • Ce quiz a été pris 144 fois
  • Le résultat moyen est 437 sur 663
Statistiques - réponses
Réponse % Correct
R
99%
S
97%
à
96%
a
96%
A,
96%
le
96%
Le
96%
que
96%
Que
96%
Tu
96%
tu
96%
un
96%
Y
96%
dans
94%
Dans
94%
on
94%
On
94%
si
94%
Si
94%
tout
94%
de
93%
les
93%
moi
93%
Moi
93%
pas
93%
c'est
91%
c’est
91%
C'est
91%
du
91%
La
91%
la
91%
91%
91%
des
90%
Des
90%
en
90%
En
90%
rêve
90%
CR
89%
dirais
89%
disais
89%
menteur,
89%
million
89%
Regarde
89%
au
87%
et
87%
Et
87%
j’te
87%
mes
87%
plus
87%
yeux
87%
10
86%
ambitieux
86%
ça
86%
Ça
86%
est
86%
J'suis
86%
j'suis
86%
J’suis
86%
milieu
86%
86%
ou
86%
Ou
86%
vrai
86%
comme
84%
crever
84%
gens
84%
pieux
84%
Sa
84%
sa
84%
vie
84%
vieux
84%
2
83%
mère
83%
reufs
83%
sérieux,
83%
sur
83%
100K
81%
ma
81%
passer
81%
potos
81%
vont
81%
destinés
80%
deux
80%
Dieu
80%
H,
80%
javel
80%
l’été
80%
mec
80%
m’entendait
80%
Rêver
80%
trois
80%
Y’aurait
80%
aux
79%
pièce
79%
pue
79%
qu’j’suis
79%
rap,
79%
recomptait
79%
surement
79%
une
79%
cieux
77%
comédie
77%
criminelle
77%
qui
77%
Réunion
77%
tié
77%
vois
77%
vraies
77%
chargée,
76%
cuir,
76%
cuir
76%
d'ébriété,
76%
discussions
76%
État
76%
promotion
76%
Veste
76%
dire
74%
j'm'adresse
74%
j’veux
74%
nous
74%
Nous
74%
par
74%
3ain,
71%
pour
71%
Pour
71%
ta
71%
va
71%
mat,
70%
tes
70%
vend
70%
bon
69%
il
69%
Il
69%
neige,
69%
p’tit
69%
p'tit
69%
ski
69%
Trop
69%
trop
69%
2000
67%
d’la
67%
d'là
67%
mais
67%
Même
67%
6
66%
fou
66%
pendant
66%
t’élimine
66%
enfant
64%
mort
64%
putain
64%
sent
64%
avant
63%
crise
63%
depuis
63%
d’ta
63%
ici
63%
Ici
63%
m’dit
63%
mon
63%
repeint
63%
ses
63%
tous
63%
Tous
63%
baraque
61%
con
61%
hein
61%
heures
61%
pisse
61%
pose
61%
woulah
61%
10K
60%
fait
60%
J'ai
60%
Parano,
60%
p’tite
60%
sait
60%
télévision
60%
ville,
60%
VVS
60%
caisse
59%
espèce
59%
fort
59%
loin
59%
moins
59%
peu
59%
réel
59%
révisions
59%
bien
57%
d'enculé
57%
division
57%
fiotte?
57%
j’peux
57%
J'peux
57%
limites
57%
l’prix
57%
mal
57%
m’croise
57%
prof
57%
Puto,
57%
qu'elle
57%
qu'on
57%
Qu'on
57%
rêves
57%
sont
57%
tolérance
57%
triste
57%
chemin
56%
d'un
56%
D'un
56%
J'étais
56%
jeune
56%
j’passe
56%
J’voulais
56%
matrice
56%
millions
56%
qu’c'est
56%
rend
56%
T'y
56%
voiture
56%
40
54%
désosser
54%
droit
54%
exaucer
54%
forts,
54%
forts
54%
j’vais
54%
l'âge
54%
malheureux
54%
maths
54%
mille-deux
54%
ptite
54%
sert
54%
sort
54%
ton
54%
viser
54%
assez
53%
catalane
53%
euros
53%
fonte
53%
four
53%
j'en
53%
joue
53%
moi-même
53%
monde,
53%
monde
53%
morts
53%
rentre
53%
sens
53%
tombe
53%
venir
53%
avais
51%
d'avoir
51%
déléguer,
51%
d’euros
51%
d'pousser
51%
juste
51%
liens
51%
maternelle
51%
m’faire
51%
ni
51%
offrir
51%
pourrait
51%
tissé
51%
ceux
50%
enculé
50%
évaporés
50%
flic,
50%
grande
50%
haine
50%
Maison
50%
mecs
50%
ont
50%
piges
50%
tê-té
50%
veux
50%
26
49%
Baron
49%
chiottes,
49%
cuvette
49%
délier
49%
han
49%
Illicite,
49%
Illicite
49%
J'irai
49%
j'sors
49%
l'plein
49%
motrices,
49%
ouais
49%
PD
49%
Quatre
49%
ranger
49%
roues
49%
Rouge
49%
s’la
49%
tard,
49%
Tia
49%
albums
47%
auxquelles
47%
braquer
47%
darons
47%
don!
47%
J'avais
47%
l'tome
47%
m’apparentes
47%
photos
47%
police
47%
quand
47%
quelques
47%
sans
47%
s'ils
47%
tôt
47%
train
47%
vas
47%
vent,
47%
138
46%
Bolloré
46%
Commence
46%
décolorées
46%
déjà
46%
fier
46%
j’sais
46%
matérielle
46%
pluie,
46%
preuve
46%
pute
46%
relever
46%
sous
46%
Swarovski
46%
vingtaine
46%
adresse
44%
brise,
44%
d’vie
44%
fiottes
44%
flou,
44%
hommes
44%
honorer
44%
jouer
44%
l'hôtel
44%
m’porte
44%
pont
44%
rendu
44%
reste
44%
Tetris
44%
tise
44%
Angelo,
43%
Contrat
43%
dehors
43%
dents
43%
périls
43%
qu’les
43%
risques
43%
tapent
43%
voulu
43%
coloré
41%
disparus
41%
J’crois
41%
l'homme,
41%
l’thon
41%
One
41%
shit
41%
shot
41%
s’refaire
41%
survêtement
41%
triment
41%
connait
40%
Ils
40%
Polak,
40%
600000
39%
Bain
39%
d'acide,
39%
grands
39%
jeunes
39%
m’démangeait
39%
racontent
39%
repars
39%
stups
39%
tombes
39%
déguisés
37%
dévissée
37%
faux
37%
flingue
37%
J'croise
37%
détresse
36%
drogue
36%
pleurs
36%
Qu'auraient
36%
temps,
36%
te-traîs
36%
avec
34%
chez
34%
Munition,
34%
psychiatrie
34%
rain-té
34%
secours
34%
Yaya,
34%
j’reprends
33%
Mokhtar
33%
naissance,
33%
porter
33%
armes,
31%
chante
31%
seront
31%
ans
30%
jamais
30%
l’jeans
30%
tripes
30%
Déménage,
29%
Pech
29%
prêt
29%
Rooftop,
29%
box
27%
Guilty,
27%
froc,
26%
j’cause
26%
Omar
26%
rentres
26%
Albert,
24%
Glock
24%
tess
23%
chapelet
20%
Sabri,
20%
19
19%
l'Anglais,
19%
Laps,
19%
Marmotte,
19%
Sam,
19%
Gang
17%
Darty
16%
Wahid,
16%
Yanis,
16%
Fabien,
13%
Farid,
13%
Nono,
13%
Sooli,
13%
Bino,
11%
Blond,
11%
Luc’
11%
Mouss’
11%
Néné
10%
Ahmed
9%
Sami,
9%
FDLRC
7%
Malik,
7%
Fred,
6%
Mehdi,
6%
Skembri,
6%
Yazid,
6%
Mickey,
4%
Pisso,
4%
Samir,
4%
Seb,
3%
Khalil
1%
Aucun quiz correspondant
Distribution des résultats
% des personnes avec chaque résultat
Percentile par nombre de réponses
Votre historique - résultats
Vous n’avez pas pris ce quiz